Widok standardowy
Widok MARC
Pozycja Corporate Name
Liczba rekordów, w których użyto hasła: 1
001 - Numer kontrolny
- control field: 40203
003 - Identyfikator numeru kontrolnego
- control field: NUKAT
005 - Data i czas ostatniej modyfikacji
- control field: 20260416200026.0
008 - Dane kontrolne kodowane (40 znaków)
- fixed length control field: 050120n||azznnbabn |a ana |
010 ## - Numer kontrolny Biblioteki Kongresu
- numer kontrolny LC: p 2004315064
035 ## - Numer systemowy
- numer systemowy: a10232941
040 ## - Instytucja sporządzająca rekord
- inst. przygot. dane do rek. khw: WA N
- język haseł przedmiotowych/tezaurus: DBN
- inst. wprow. rek. khw: WA N
046 ## - Special dates
- Establishment date: 1939
- Termination date: 1991
110 2# - Hasło - nazwa ciała zbiorowego
- nazwa ciała zbior. lub geogr. na pocz.: Rada Narodowa Rzeczypospolitej Polskiej
410 1# - Trop zob. - nazwa ciała zbiorowego
- nazwa ciała zbior. lub geogr. na pocz.: Polska.
- nazwa jednostki podrzędnej: Rada Narodowa Rzeczypospolitej Polskiej
410 2# - Trop zob. - nazwa ciała zbiorowego
- nazwa ciała zbior. lub geogr. na pocz.: Rada Rzeczypospolitej Polskiej
410 2# - Trop zob. - nazwa ciała zbiorowego
- nazwa ciała zbior. lub geogr. na pocz.: Rada Narodowa RP
410 2# - Trop zob. - nazwa ciała zbiorowego
- nazwa ciała zbior. lub geogr. na pocz.: Rada RP
510 2# - Trop zob. też - nazwa ciała zbiorowego
- nazwa ciała zbior. lub geogr. na pocz.: Rząd Rzeczypospolitej Polskiej na uchodźstwie
665 ## - Nota historyczna
- nota historyczna: Emigracyjny parlament polski. Działał w latach 1939-1991.
670 ## - Źródło informacji
- źródło informacji: Diariusz Rady Narodowej Rzeczypospolitej Polskiej. - Nr 1 (6 czerwca 1949).